COCIES COURS IN BIOCHEMISTRY (Record no. 32445)

MARC details
000 -LEADER
fixed length control field 00328nam a22001457a 4500
003 - CONTROL NUMBER IDENTIFIER
control field SGT
020 ## - INTERNATIONAL STANDARD BOOK NUMBER
International Standard Book Number 97815-43346-20-6
082 ## - DEWEY DECIMAL CLASSIFICATION NUMBER
Classification number 612.015
Item number GIR
100 ## - MAIN ENTRY--PERSONAL NAME
Personal name GIRI, AMOL J.
245 ## - TITLE STATEMENT
Title COCIES COURS IN BIOCHEMISTRY
260 ## - PUBLICATION, DISTRIBUTION, ETC. (IMPRINT)
Place of publication, distribution, etc INDIA
Name of publisher, distributor, etc PEE VEE PUB.
Year of Publication 2020
300 ## - PAGE DESCRIPTION
No. of Pages 182
650 ## - SUBJECT ADDED ENTRY--TOPICAL TERM
Topical term or geographic name as entry element BIOCHEMISTRY
942 ## - ADDED ENTRY ELEMENTS (KOHA)
Source of classification or shelving scheme Dewey Decimal Classification
Koha item type Books
Holdings
Withdrawn status Lost status Source of classification or shelving scheme Damaged status Not for loan Collection code Home library Current library Shelving location Date acquired SGTU Total Checkouts Full call number Accession No. (Barcode) Date last seen Bill Date Koha item type
    Dewey Decimal Classification     SCIENCE SGT Science & Social Sciences Library SGT Science & Social Sciences Library Text Book 25/08/2025 SGTU   612.015 GIR DP132 25/08/2025 25/08/2025 Books